| 000 | 01133nam a2200277Ia 4500 | ||
|---|---|---|---|
| 003 | OSt | ||
| 005 | 20210416111800.0 | ||
| 008 | 210310s1997 ck gr 000 0dspa d | ||
| 020 | _a9589272797 | ||
| 040 |
_aCO-JMCR _cCO-JMCR |
||
| 041 | 0 | _aspa | |
| 082 | 0 | 4 |
_a338.98 / _bR366s _223 |
| 100 | 1 |
_aReinel Pulecio, Joege, _eeditor _936914 |
|
| 245 | 0 |
_aSociedad Civil e Integración en las Américas: _bUna Mirada al Mercosur / _cJorge Reinel Pulecio, Andrés Franco |
|
| 250 | _aPrimera edición | ||
| 260 |
_aBogotá : _bPontificia Universidad Javeriana, _c1997. |
||
| 300 |
_a224 páginas ; _c23 cm. |
||
| 500 | _aDatos biográficos del los autores en solapa frontal. | ||
| 504 | 0 | _aBibliografía: páginas 221. | |
| 505 | 0 | _aParticipación de la sociedad civil en los procesos de integración. -- Lecciones de los actuales procesos de integración.-- Colombia y la integración grupo Andino-Mercosur. | |
| 650 | 1 | 4 |
_aPolítica económica _936915 |
| 650 | 2 | 4 |
_aParticipación ciudadana _92833 |
| 650 | 2 | 4 |
_aIntegración económica internacional _97032 |
| 700 | 1 |
_aFranco, Andrés, _eeditor _936916 |
|
| 942 |
_2ddc _cBK |
||
| 999 |
_c11508 _d11508 |
||